| 000 | 00972nam a22003017a 4500 | ||
|---|---|---|---|
| 003 | CHAP | ||
| 005 | 20220817044541.0 | ||
| 008 | 120912s1986 mx r 00010 spa d | ||
| 010 | _a103933 | ||
| 011 | _a104905 | ||
| 035 | _a115595 | ||
| 040 | _cCHAP | ||
| 082 | 0 | 4 |
_a658.402 _bU119 |
| 110 | 2 | _aUACH | |
| 245 | 1 | 0 |
_aManual de organización de la rectoria _c/por UACH |
| 260 |
_aChapingo, Méx. : _bUACH. UPOM, _c1986 |
||
| 300 |
_a62 h. : _borganigrama |
||
| 590 |
_aBATCH-UPD _b10 _c20130110 _lUCH01 _h0408 |
||
| 590 |
_aBATCH-UPD _b10 _c20130409 _lUCH01 _h2246 |
||
| 590 |
_aBATCH-UPD _b10 _c20130409 _lUCH01 _h2318 |
||
| 590 |
_aBATCH-UPD _b10 _c20130914 _lUCH01 _h0140 |
||
| 590 |
_aCONVERSION _b10 _c20130109 _lUCH01 _h1357 |
||
| 650 | 1 | 4 |
_aManuales de organización. _970673 |
| 650 | 1 | 4 |
_aUniversidades _xAdministración _xMéxico (Edo.) _9116600 |
| 901 | _aBK | ||
| 942 | _cLIBRO | ||
| 949 |
_a658.402 U119 _bBC _cUACH _d33724002328710 _eUACH _gDonaciØn _h117363 _i115595 _sb |
||
| 999 |
_c103933 _d103933 |
||